000 00840nas a2200253 4500
001 BR8905284
003 BR-BrBNA
005 20231205091744.0
007 ta
008 230509b bl.|||p| |||| 00| 00por d
040 _aBR-BrBNA
_bpor
_cBiblioteca Nacional de Agricultura
041 _a(Pt)
072 _aF08; F01
100 1 _aPorto, M.C.M.
100 1 _aHamers, P.
245 1 _aAtaque simulado do mandrova (Erinnyis ello L.)em mandioca (Manihot esculenta Crantz)cultivada em fileiras simples e duplas 1 Rendimento e componentes de rendimento
650 _aMANDIOCA
650 _aMANDAROVA
650 _aSISTEMA DE CULTIVO
650 _aRENDIMENTO
773 0 _tRevista Brasileira de Mandioca (Brazil)
_xISSN 0101-563X
_g(1987), v. 6(2) p. 7-16
_wBR8905284
909 _a202311
_bLúcia
_c55
_dLúcia Elande
942 _2AGRIS
_n0
_cANA
999 _c127130
_d127130